000 00411nam a2200169Ia 4500
003 IT-RoPAU
008 120407s9999 xx 000 0 und d
040 _aIT-RoPAU
040 _cIT-RoPAU
100 _aAntonio Palmese
245 _aDa Puebla a Santo Domingo. Il cammino della Chiesa in America Latina
260 _aDehoniane
300 _c cm
490 _v1
700 _aPiersandro Vanzan
942 _cBK
999 _c2392
_d2392